Sports Quiz

Random Sports or Logo Quiz

Sports Logos Close-Up (Retro Edition) Quiz Stats

 Plays Quiz Updated Jan 5, 2017

Challenge
Share
Tweet
Score 0/24 Timer 06:00
2 Plays Today
Number Team % Correct
1Houston Oilers
94.4%
12Montreal Expos
86.7%
8New England Patriots
86%
19Los Angeles Kings
86%
9Milwaukee Brewers
77.9%
7Mighty Ducks of Anaheim
77%
11Pittsburgh Penguins
76%
3Utah Jazz
75.9%
20San Antonio Spurs
74.8%
2Dallas Mavericks
74.3%
13Tampa Bay Buccaneers
70.6%
5Atlanta Hawks
68.7%
Number Team % Correct
16Toronto Blue Jays
68.5%
4San Diego Padres
56.3%
6Quebec Nordiques
55.5%
23Washington Capitals
54.3%
22Arizona Coyotes
52.7%
14Chicago White Sox
49.3%
10Atlanta Braves
45.4%
18Detroit Pistons
42.6%
21Denver Nuggets
41.4%
17Vancouver Canucks
38.8%
24Denver Broncos
33.6%
15San Francisco 49ers
8.6%

You're not logged in!

Compare scores with friends on all Sporcle quizzes.
Join for Free
OR
Log In

You Might Also Like...

Show Comments

Extras

Top Quizzes Today


Score Distribution

Your Account Isn't Verified!

In order to create a playlist on Sporcle, you need to verify the email address you used during registration. Go to your Sporcle Settings to finish the process.

Report this User

Report this user for behavior that violates our Community Guidelines.

Details: